[Event "Spanish League of Honour"]
[Site "Linares"]
[Date "2017.08.19"]
[Round "6"]
[White "Shvayger, Yuliya"]
[Black "Cori, Jorge"]
[Result "0-1"]
[WhiteTitle "WGM"]
[BlackTitle "GM"]
[WhiteElo "2438"]
[BlackElo "2641"]
[Board "5"]
[WhiteCountry "ISR"]
[WhiteFideId "14100126"]
[WhiteEloChange "-2"]
[BlackCountry "PER"]
[BlackFideId "3802272"]
[BlackEloChange "2"]

1. e4 e5 2. Nf3 Nc6 3. Bc4 Nf6 4. Ng5 d5 5. exd5 b5 6. Bxb5 Qxd5 7. Bxc6+
Qxc6 8. Qf3 e4 9. Qb3 h6 10. Nh3 Bd6 11. Nc3 Ba6 12. Qa4 Qxa4 13. Nxa4 Nd5
14. Nc3 Nb4 15. Kd1 f5 16. a3 Nc6 17. b4 Ne5 18. Ne2 O-O-O 19. Bb2 Rhe8 20.
Ng3 g6 21. Bd4 Nc4 22. c3 f4 23. Ne2 g5 24. g3 f3 25. Nc1 Bb5 26. a4 Bd7
27. Ng1 a5 28. b5 h5 29. h4 g4 30. Nb3 Be6 31. Kc2 Bf8 32. Rd1 Rd5 33. Nxf3
exf3 34. d3 Bf5 35. Rhe1 Re2+ 36. Rxe2 fxe2 37. Re1 Ne5 38. Bxe5 Bxd3+ 0-1

[Event "Spanish League of Honour"]
[Site "Linares"]
[Date "2017.08.19"]
[Round "6"]
[White "Ubilava, Elizbar"]
[Black "Argandona Riveiro, Inigo"]
[Result "1/2-1/2"]
[WhiteTitle "GM"]
[BlackTitle "IM"]
[WhiteElo "2498"]
[BlackElo "2426"]
[Board "6"]
[WhiteCountry "ESP"]
[WhiteFideId "13600052"]
[WhiteEloChange "-1"]
[BlackCountry "ESP"]
[BlackFideId "2212072"]
[BlackEloChange "1"]

1. d4 Nf6 2. c4 e5 3. dxe5 Ng4 4. e3 Nxe5 5. Nc3 g6 6. b3 Bg7 7. Bb2 O-O 8.
Nge2 d6 9. Nf4 Nbd7 10. Qd2 Nc5 11. Be2 a5 12. Rd1 Bf5 13. O-O Qh4 14. Nb5
Rfc8 15. Nd4 Be4 16. f3 Bc6 17. Nd5 Bxd5 18. cxd5 c6 19. dxc6 bxc6 20. Rc1
Ned7 21. Rfe1 Nf6 22. Bf1 Nd5 23. g3 Qh5 24. e4 Nf6 25. Bg2 Nfd7 26. f4 Ra6
27. h3 Qh6 28. Rcd1 Bf6 29. Nf3 Qf8 30. Bxf6 Nxf6 31. Qd4 Ne8 32. e5 d5 33.
f5 gxf5 34. Nh4 Ng7 35. Rf1 Nce6 36. Qd3 Rb6 37. Nxf5 Nxf5 38. Rxf5 Qg7 39.
Rdf1 Rc7 40. h4 Rb4 41. Bh3 Rxh4 42. Rxf7 Rxf7 43. Bxe6 Rh1+ 44. Kxh1 Qh6+
45. Kg2 Qxe6 46. Rxf7 Qxf7 47. Qc3 Qg6 48. Qxa5 Qe4+ 49. Kf2 Qd4+ 50. Kg2
Qe4+ 1/2-1/2

[Event "Spanish League of Honour"]
[Site "Linares"]
[Date "2017.08.19"]
[Round "6"]
[White "Buiza Prieto, Eihartze"]
[Black "Garcia Vicente, Nieves"]
[Result "0-1"]
[WhiteTitle "WFM"]
[BlackTitle "WIM"]
[WhiteElo "2099"]
[BlackElo "2137"]
[Board "7"]
[WhiteCountry "ESP"]
[WhiteFideId "22250220"]
[WhiteEloChange "-9"]
[BlackCountry "ESP"]
[BlackFideId "2201542"]
[BlackEloChange "9"]

1. e4 e5 2. Nf3 Nc6 3. Bb5 a6 4. Ba4 Nf6 5. d3 d6 6. c3 Be7 7. O-O O-O 8.
h3 Bd7 9. Re1 Re8 10. Nbd2 Bf8 11. Bb3 Be6 12. Nf1 Qd7 13. Bc2 Qc8 14. d4
Bd7 15. Ng3 h6 16. d5 Ne7 17. b3 Nh7 18. Bb1 c6 19. c4 cxd5 20. cxd5 Qc3
21. Qd2 Qxd2 22. Nxd2 f5 23. f3 f4 24. Nh1 b5 25. Nf2 Ng5 26. Nd3 Rec8 27.
a4 Ng6 28. Bb2 Be7 29. Kh2 Bd8 30. a5 Rc7 31. Nb4 Ne7 32. Bd3 Bc8 33. Nb1
Bxh3 34. Rd1 Bc8 35. Bxe5 dxe5 36. d6 Rd7 37. dxe7 Bxe7 38. Nd5 Bc5 39. b4
Bd4 40. Ra2 Bb7 41. Ndc3 Rad8 42. Bc2 Kf8 43. Bb3 Ba7 44. Rxd7 Rxd7 45. Bd5
Bc8 46. Na3 Be3 47. Nd1 Bd4 48. Rc2 Rd8 49. Nc3 Be6 50. Bb7 Rd6 51. Ncxb5
axb5 52. Nxb5 Rd7 53. a6 Bb6 54. Rc6 Be3 55. Nc3 Rd2 56. Rxe6 Nxe6 57. Nd5
Bf2 0-1

[Event "Spanish League of Honour"]
[Site "Linares"]
[Date "2017.08.19"]
[Round "6"]
[White "Areshchenko, Alexander"]
[Black "Ponomariov, Ruslan"]
[Result "1/2-1/2"]
[WhiteTitle "GM"]
[BlackTitle "GM"]
[WhiteElo "2652"]
[BlackElo "2692"]
[Board "1"]
[WhiteCountry "UKR"]
[WhiteFideId "14109530"]
[WhiteEloChange "1"]
[BlackCountry "UKR"]
[BlackFideId "14103320"]
[BlackEloChange "-1"]

1. e4 e5 2. Nf3 Nc6 3. Nc3 Nf6 4. d4 exd4 5. Nxd4 Bb4 6. Nxc6 bxc6 7. Bd3
O-O 8. O-O d5 9. exd5 cxd5 10. h3 Rb8 11. Qf3 Bb7 12. Bg5 Be7 13. Rfe1 d4
14. Ne4 Nxe4 15. Bxe7 Qxe7 16. Bxe4 Bxe4 17. Rxe4 Qc5 18. b3 Rfe8 19. Rae1
Rxe4 20. Qxe4 g6 21. Re2 Rd8 22. Qe5 Qc6 23. Qf4 Qd6 24. Qxd6 Rxd6 25. Kf1
Kg7 26. Re4 Rc6 27. Rxd4 Rxc2 28. Ra4 c5 29. Rxa7 h5 30. h4 Kf6 31. Rc7
Rxa2 32. Rxc5 Rb2 33. Rb5 Ke6 34. g3 Rc2 35. Kg2 Rc3 36. Rb6+ Ke5 37. b4
Rb3 38. b5 Kf5 39. Rb7 Ke6 40. b6 Kf6 41. Rb8 Kf5 42. Kf1 Kg4 43. Kg2 Kf5
44. f3 Ke6 45. g4 Ke5 46. g5 Kf5 47. Rb7 Ke6 48. Kg3 Rb4 49. f4 Rb3+ 50.
Kf2 Kd5 51. Ke2 Ke4 52. Kd2 Kxf4 53. Kc2 Rb5 54. Rxf7+ Kg4 55. Rf6 Kxh4 56.
Rxg6 Kg4 57. Kc3 Kf5 58. Rd6 Kxg5 59. Kc4 Rb1 60. Rd5+ Kg4 61. Rb5 Rc1+ 62.
Kd5 Rc8 63. b7 Rb8 64. Kc6 h4 65. Kc7 Rxb7+ 66. Kxb7 h3 67. Rb4+ Kg3 68.
Rb3+ Kg2 69. Rxh3 Kxh3 1/2-1/2

[Event "Spanish League of Honour"]
[Site "Linares"]
[Date "2017.08.19"]
[Round "6"]
[White "Erdos, Viktor"]
[Black "Laznicka, Viktor"]
[Result "1/2-1/2"]
[WhiteTitle "GM"]
[BlackTitle "GM"]
[WhiteElo "2628"]
[BlackElo "2664"]
[Board "2"]
[WhiteCountry "HUN"]
[WhiteFideId "719978"]
[WhiteEloChange "1"]
[BlackCountry "CZE"]
[BlackFideId "316385"]
[BlackEloChange "-1"]

1. Nf3 d5 2. d4 Nf6 3. c4 dxc4 4. e3 e6 5. Bxc4 c5 6. O-O a6 7. dxc5 Qxd1
8. Rxd1 Bxc5 9. Be2 Nbd7 10. Nbd2 b6 11. Nc4 Bb7 12. Nd4 Bd5 13. Nb3 Bb4
14. f3 Rc8 15. Ncd2 Bb7 16. Nc4 Bd5 17. Ncd2 Bb7 18. Nc4 1/2-1/2

[Event "Spanish League of Honour"]
[Site "Linares"]
[Date "2017.08.19"]
[Round "6"]
[White "Demchenko, Anton"]
[Black "Movsesian, Sergei"]
[Result "1-0"]
[WhiteTitle "GM"]
[BlackTitle "GM"]
[WhiteElo "2645"]
[BlackElo "2677"]
[Board "3"]
[WhiteCountry "RUS"]
[WhiteFideId "4160258"]
[WhiteEloChange "5"]
[BlackCountry "ARM"]
[BlackFideId "310204"]
[BlackEloChange "-5"]

1. e4 c5 2. Nf3 e6 3. d4 cxd4 4. Nxd4 Nc6 5. Nc3 a6 6. Nxc6 bxc6 7. Qd3 d5
8. Qg3 h5 9. h4 d4 10. Nd1 Nf6 11. f3 Bd6 12. Bf4 Qa5+ 13. c3 dxc3 14. Nxc3
Bxf4 15. Qxf4 e5 16. Qd2 O-O 17. Nd1 Qb6 18. Qe3 Qb4+ 19. Qc3 a5 20. Rc1
Be6 21. a3 Qxc3+ 22. Rxc3 Rfc8 23. g3 Nd7 24. Rh2 Rab8 25. Rhc2 Rb3 26. Be2
Rb6 27. Rd2 Kf8 28. Nf2 Rcb8 29. Nd3 Ke7 30. Rdc2 Kd6 31. Rd2 Ke7 32. Rdc2
Kd6 33. f4 g6 34. Kf2 f5 35. Rd2 fxe4 36. Nxe5+ Kc7 37. b4 axb4 38. axb4
Nxe5 39. fxe5 Rd8 40. Rdc2 Kb7 41. Ke3 Bd5 42. Rb2 Re8 43. Kd4 Rd8 44. Rc5
Kc7 45. b5 Rbb8 46. Ke3 Re8 47. Rbc2 Rxe5 48. Kd4 Rf5 49. g4 hxg4 50. Bxg4
Rd8 51. Bxf5 Bb3+ 52. Ke3 Bxc2 53. Rxc6+ Kb7 54. Bxg6 Bd3 55. Rc1 Bxb5 56.
Bxe4+ Kb6 57. h5 Rh8 58. Bg6 Kb7 59. Rc2 Bc6 60. Kf4 Kc7 61. Kg5 Kd6 62. h6
Bd5 63. Rd2 Ke5 64. Re2+ Kd6 65. Re8 Bg8 66. Bf5 Kc7 67. Be6 1-0

[Event "Spanish League of Honour"]
[Site "Linares"]
[Date "2017.08.19"]
[Round "6"]
[White "Grandelius, Nils"]
[Black "Saric, Ivan"]
[Result "1/2-1/2"]
[WhiteTitle "GM"]
[BlackTitle "GM"]
[WhiteElo "2644"]
[BlackElo "2632"]
[Board "4"]
[WhiteCountry "SWE"]
[WhiteFideId "1710400"]
[BlackCountry "CRO"]
[BlackFideId "14508150"]

1. d4 d5 2. c4 c6 3. cxd5 cxd5 4. Nc3 Nf6 5. Bf4 Nc6 6. e3 Bg4 7. Be2 Bxe2
8. Ngxe2 e6 9. O-O Be7 10. Rc1 O-O 11. Na4 Rc8 12. Bg5 Ne4 13. Bxe7 Qxe7
14. Nec3 Nf6 15. Nc5 Rfd8 16. Qe2 e5 17. dxe5 Nxe5 18. Nd3 Nxd3 19. Qxd3
Qe5 20. h3 d4 21. exd4 Qxd4 22. Qxd4 Rxd4 23. Nb5 Rdc4 24. Rxc4 Rxc4 25.
Rd1 g6 26. Nc3 Kg7 27. Kf1 Ne4 28. Nxe4 Rxe4 29. Rd7 Rb4 30. b3 a5 1/2-1/2

[Event "Spanish League of Honour"]
[Site "Linares"]
[Date "2017.08.19"]
[Round "6"]
[White "Fedorchuk, Sergey A."]
[Black "Mchedlishvili, Mikheil"]
[Result "1/2-1/2"]
[WhiteTitle "GM"]
[BlackTitle "GM"]
[WhiteElo "2633"]
[BlackElo "2590"]
[Board "5"]
[WhiteCountry "UKR"]
[WhiteFideId "14102536"]
[WhiteEloChange "-1"]
[BlackCountry "GEO"]
[BlackFideId "13600966"]
[BlackEloChange "1"]

1. e4 d6 2. d4 Nf6 3. Nc3 g6 4. Be3 Bg7 5. Qd2 c6 6. h3 O-O 7. Nf3 e5 8.
dxe5 dxe5 9. Qxd8 Rxd8 10. Bc4 b5 11. Bd3 Ne8 12. Nd2 Be6 13. Ke2 Nd7 14.
a4 a6 15. b4 Bf8 16. Rhb1 Rdb8 17. Nd1 Nc7 18. c3 bxa4 19. Rxa4 c5 20. b5
Nb6 21. Ra5 c4 22. Bc2 axb5 23. Rxa8 Nbxa8 24. f4 f6 25. Nf3 Bd6 26. fxe5
fxe5 27. Nf2 Ne8 28. Ra1 Nac7 29. Ra7 h5 30. g4 Ra8 31. Rb7 Ra2 32. Kd2 Bc8
33. Rb6 Ra6 34. Rb8 Ra8 35. Rb6 Bd7 36. Nh4 hxg4 37. Nxg4 Kf7 38. Nf3 Bxg4
39. hxg4 Ke7 40. Bg5+ Kd7 41. Bh4 Ra6 42. Rb8 Ra8 43. Rb6 Ra6 44. Rb8
1/2-1/2

[Event "Spanish League of Honour"]
[Site "Linares"]
[Date "2017.08.19"]
[Round "6"]
[White "Ibarra Jerez, Jose Carlos"]
[Black "Korneev, Oleg"]
[Result "1-0"]
[WhiteTitle "GM"]
[BlackTitle "GM"]
[WhiteElo "2569"]
[BlackElo "2566"]
[Board "6"]
[WhiteCountry "ESP"]
[WhiteFideId "2226332"]
[WhiteEloChange "5"]
[BlackCountry "ESP"]
[BlackFideId "4156803"]
[BlackEloChange "-5"]

1. Nf3 d5 2. g3 c6 3. Bg2 Bg4 4. h3 Bh5 5. O-O Nd7 6. d3 e6 7. e4 Bd6 8.
exd5 exd5 9. c4 Ne7 10. Nc3 O-O 11. cxd5 cxd5 12. g4 Bg6 13. Nh4 Nc5 14. d4
Ne6 15. f4 Nc6 16. Nxg6 hxg6 17. Nxd5 Nexd4 18. Be3 Ne6 19. Rc1 Nc7 20. Qd2
Nxd5 21. Bxd5 Bb4 22. Qd3 Ba5 23. Qb3 Bb6 24. Bxb6 axb6 25. Rcd1 Qc7 26. f5
gxf5 27. Rxf5 Rad8 28. Qc3 Rde8 29. Rdf1 Re7 30. Rg5 Re5 31. Rff5 Rfe8 32.
Bxf7+ Qxf7 33. Rxf7 Kxf7 34. Rxe5 Rxe5 35. Qb3+ Kf6 36. Qxb6 Re7 37. Kf2
Ke5 38. b4 Rf7+ 39. Ke3 Ne7 40. Qd4+ Ke6 41. Ke4 Nc6 42. Qc4+ Ke7 43. h4
Rf6 44. b5 Nd8 45. Qc7+ Ke8 46. Qxg7 Re6+ 47. Kf5 Re2 48. h5 Nf7 49. h6
Rf2+ 50. Kg6 Rf4 51. g5 1-0

[Event "Spanish League of Honour"]
[Site "Linares"]
[Date "2017.08.19"]
[Round "6"]
[White "Calzetta Ruiz, Monica"]
[Black "Gil Quilez, Sonia"]
[Result "1-0"]
[WhiteTitle "WGM"]
[BlackTitle "WFM"]
[WhiteElo "2288"]
[BlackElo "2057"]
[Board "7"]
[WhiteCountry "ESP"]
[WhiteFideId "2204185"]
[WhiteEloChange "4"]
[BlackCountry "ESP"]
[BlackFideId "2263980"]
[BlackEloChange "-4"]

1. e4 e5 2. Nf3 Nc6 3. Bb5 Nge7 4. O-O g6 5. c3 Bg7 6. d4 exd4 7. cxd4 a6
8. Ba4 b5 9. Bb3 Na5 10. Bc2 O-O 11. Nc3 d6 12. Bg5 h6 13. Bh4 Bg4 14. a4
g5 15. Bg3 b4 16. Ne2 Bxf3 17. gxf3 h5 18. h4 Ng6 19. hxg5 Qxg5 20. f4 Qf6
21. e5 dxe5 22. dxe5 Qd8 23. Nd4 h4 24. Bh2 Qd5 25. Nf3 Rad8 26. Qxd5 Rxd5
27. Be4 Rdd8 28. f5 Nb3 29. Rad1 Nc5 30. Bb1 Nh8 31. a5 Rfe8 32. f6 Bh6 33.
Nxh4 Ne6 34. Nf5 Bf8 35. Kh1 Ng6 36. Ba2 Nc5 37. f4 b3 38. Bb1 Na4 39. Rxd8
Rxd8 40. Rg1 Bc5 41. Ne7+ Kf8 42. Nxg6+ fxg6 43. e6 Rd2 44. Bxg6 Nxb2 45.
Re1 Be7 46. fxe7+ Kxe7 47. f5 Rd1 48. Bg3 Rxe1+ 49. Bxe1 Nc4 50. Bh4+ Kd6
51. e7 b2 52. f6 b1=Q+ 53. Bxb1 Kd7 54. Bf5+ 1-0

[Event "Spanish League of Honour"]
[Site "Linares"]
[Date "2017.08.19"]
[Round "6"]
[White "Jobava, Baadur"]
[Black "Iturrizaga Bonelli, Eduardo"]
[Result "1/2-1/2"]
[WhiteTitle "GM"]
[BlackTitle "GM"]
[WhiteElo "2687"]
[BlackElo "2662"]
[Board "1"]
[WhiteCountry "GEO"]
[WhiteFideId "13601520"]
[BlackCountry "VEN"]
[BlackFideId "3901211"]

1. d4 Nf6 2. Nc3 d5 3. Bf4 e6 4. Nb5 Na6 5. e3 Be7 6. Nf3 O-O 7. a3 c5 8.
c3 Bd7 9. a4 Nh5 10. Bd6 Bxd6 11. Nxd6 Qb6 12. Ne5 Nf6 13. Nb5 Bxb5 14.
axb5 Nc7 15. g4 Rfd8 16. Qf3 Nxb5 17. Bxb5 Qxb5 18. g5 Nd7 19. Qxf7+ Kh8
20. Nxd7 Rxd7 21. Rxa7 Rg8 22. Qf4 Qxb2 23. O-O Qxc3 24. Rb1 cxd4 25. exd4
Qc6 26. Rc1 Rf7 27. Rxc6 Rxf4 28. Rxb7 Rxd4 29. Rxe6 Rg4+ 30. Kh1 Rxg5 31.
Rd7 h6 32. f4 Rf5 33. Re5 Rxf4 34. Rexd5 Rff8 35. Rd1 Kh7 36. Rg1 Rf6 37.
Ra7 h5 38. Raa1 Kh6 1/2-1/2

[Event "Spanish League of Honour"]
[Site "Linares"]
[Date "2017.08.19"]
[Round "6"]
[White "Safarli, Eltaj"]
[Black "Bachmann, Axel"]
[Result "1-0"]
[WhiteTitle "GM"]
[BlackTitle "GM"]
[WhiteElo "2633"]
[BlackElo "2648"]
[Board "3"]
[WhiteCountry "AZE"]
[WhiteFideId "13402129"]
[WhiteEloChange "5"]
[BlackCountry "PAR"]
[BlackFideId "3700488"]
[BlackEloChange "-5"]

1. e4 c5 2. Nf3 e6 3. d4 cxd4 4. Nxd4 Nc6 5. Nc3 Qc7 6. g3 a6 7. Bg2 Nf6 8.
O-O h5 9. h3 Nxd4 10. Qxd4 Bc5 11. Bf4 d6 12. Qd2 h4 13. g4 e5 14. Bg5 Be6
15. Kh1 Bd4 16. Nd1 Nd7 17. Be3 Bc5 18. a4 Rc8 19. b4 Bxe3 20. Nxe3 Qc3 21.
Qxd6 Rc6 22. Qd1 Qxb4 23. Rb1 Qxa4 24. Rxb7 Rc5 25. Nf5 O-O 26. Ne7+ Kh7
27. Qd2 g6 28. Qg5 Qd4 29. Nf5 Bxf5 30. exf5 Re8 31. fxg6+ fxg6 32. Qf6 Kg8
33. Qxg6+ Kf8 34. Qh6+ Kg8 35. Qg5+ Kf8 36. f4 1-0

[Event "Spanish League of Honour"]
[Site "Linares"]
[Date "2017.08.19"]
[Round "6"]
[White "Mareco, Sandro"]
[Black "Peralta, Fernando"]
[Result "1/2-1/2"]
[WhiteTitle "GM"]
[BlackTitle "GM"]
[WhiteElo "2650"]
[BlackElo "2540"]
[Board "4"]
[WhiteCountry "ARG"]
[WhiteFideId "112275"]
[WhiteEloChange "-2"]
[BlackCountry "ARG"]
[BlackFideId "105309"]
[BlackEloChange "2"]

1. Nf3 d5 2. g3 Nf6 3. Bg2 Bf5 4. O-O e6 5. c4 c6 6. cxd5 exd5 7. d3 Be7 8.
Qb3 Qb6 9. Qc2 O-O 10. Nc3 h6 11. e4 Bh7 12. Be3 Qa6 13. Rad1 dxe4 14. dxe4
Nbd7 15. Nd4 Rfe8 16. Bh3 Bf8 17. Nf5 Ne5 18. Kg2 Neg4 19. Bf4 h5 20. Rde1
Rad8 21. f3 Rd3 22. Nh4 Bc5 23. Rd1 Rxd1 24. Qxd1 Ne3+ 25. Bxe3 Bxe3 26.
Nf5 Bxf5 27. Bxf5 Qb6 28. Qc2 Rd8 29. Rd1 Rxd1 30. Nxd1 Bd4 1/2-1/2

[Event "Spanish League of Honour"]
[Site "Linares"]
[Date "2017.08.19"]
[Round "6"]
[White "Narciso Dublan, Marc"]
[Black "Santos Ruiz, Miguel"]
[Result "1/2-1/2"]
[WhiteTitle "GM"]
[BlackTitle "IM"]
[WhiteElo "2467"]
[BlackElo "2490"]
[Board "5"]
[WhiteCountry "ESP"]
[WhiteFideId "2201500"]
[BlackCountry "ESP"]
[BlackFideId "22291482"]

1. d4 Nf6 2. c4 e6 3. Nc3 Bb4 4. f3 d5 5. a3 Bxc3+ 6. bxc3 c5 7. cxd5 Nxd5
8. dxc5 Qa5 9. e4 Nf6 10. Be3 O-O 11. Qb3 Nfd7 12. a4 Qc7 13. Qa3 b6 14. a5
bxc5 15. Nh3 Rd8 16. Nf2 Ba6 17. Bxa6 Nxa6 18. O-O Ne5 19. Qa2 c4 20. Rfb1
Nd3 21. Rb5 Rd7 22. Rab1 Rad8 23. g3 e5 24. Rb7 Qc8 25. Rxa7 Nxf2 26. Qxf2
Rd3 27. Kg2 Nc5 28. Re1 Na4 29. Bb6 R8d6 30. Rc7 Qe6 31. Re2 Nxc3 32. Rc2
h5 33. Qe1 Na4 34. R7xc4 Nxb6 35. axb6 Rxb6 36. R4c3 Rd4 37. h4 Rbd6 38.
Qe3 g6 39. Qh6 Rd8 40. Qe3 Rd1 41. Rc6 Qd7 42. Rc7 Qb5 43. Qf2 R8d4 44. Rb2
Qa5 45. Rcc2 Kg7 46. Ra2 Qd8 47. Qe3 Qd7 48. Qe2 R4d3 49. Rcb2 Qd8 50. Qf2
Qd7 51. Re2 Qd8 52. Re1 Rxe1 1/2-1/2

[Event "Spanish League of Honour"]
[Site "Linares"]
[Date "2017.08.19"]
[Round "6"]
[White "Castellanos Rodriguez, Renier"]
[Black "Moskalenko, Viktor"]
[Result "1/2-1/2"]
[WhiteTitle "IM"]
[BlackTitle "GM"]
[WhiteElo "2487"]
[BlackElo "2505"]
[Board "6"]
[WhiteCountry "ESP"]
[WhiteFideId "3404650"]
[BlackCountry "ESP"]
[BlackFideId "14100100"]

1. d4 f5 2. c4 Nf6 3. Nc3 d6 4. Bg5 Nbd7 5. Qc2 g6 6. h4 Bg7 7. Nh3 Nf8 8.
Nf4 Ne6 9. Nxe6 Bxe6 10. e3 c6 11. Be2 Qd7 12. O-O-O O-O 13. h5 d5 14. hxg6
hxg6 15. Qb3 dxc4 16. Bxc4 Bxc4 17. Qxc4+ Nd5 18. Bh6 Bxh6 19. Rxh6 Kg7 20.
Rdh1 Rh8 21. Rxh8 Rxh8 22. Rxh8 Kxh8 23. Nxd5 cxd5 24. Qe2 Kg7 25. g3 Kf6
26. b3 Qc6+ 27. Kb2 a6 28. a4 a5 29. Qf1 Kg7 30. Qh1 Qd6 31. Qf3 b6 32. Qh1
Qc6 33. Qh4 Qd6 34. Qh1 Qb4 35. Qxd5 Qd2+ 36. Ka3 Qc1+ 37. Ka2 Qd2+ 38. Ka3
1/2-1/2

[Event "Spanish League of Honour"]
[Site "Linares"]
[Date "2017.08.19"]
[Round "6"]
[White "Matnadze, Ana"]
[Black "Sgircea, Silvia-Raluca"]
[Result "1-0"]
[WhiteTitle "IM"]
[BlackTitle "WIM"]
[WhiteElo "2389"]
[BlackElo "2246"]
[Board "7"]
[WhiteCountry "ESP"]
[WhiteFideId "13601377"]
[WhiteEloChange "6"]
[BlackCountry "ROU"]
[BlackFideId "1213776"]
[BlackEloChange "-6"]

1. d4 d5 2. Nf3 Nf6 3. c4 dxc4 4. a4 Bg4 5. e3 e5 6. Bxc4 Bb4+ 7. Nc3 O-O
8. Qb3 Bxf3 9. gxf3 exd4 10. Qxb4 dxc3 11. Qxb7 Nbd7 12. Qb3 Ne5 13. Qxc3
Nxf3+ 14. Ke2 Ng5 15. f3 Re8 16. Rg1 Nh3 17. Rg3 Nf4+ 18. Kf2 N4h5 19. Rg2
Qd7 20. Bd2 Rad8 21. Kg1 Qh3 22. e4 Nd7 23. Bf1 Qe6 24. Bg5 Rb8 25. Bb5 a6
26. Bc4 Qe5 27. Rc1 Qxc3 28. Rxc3 Rb6 29. a5 Rd6 30. Be2 g6 31. Rxc7 Rb8
32. Bh6 Nf8 33. Bc4 Ne6 34. Bxe6 Rd1+ 35. Kf2 fxe6 36. Ke3 Rb1 37. Kd4 Rb5
38. Rgc2 e5+ 39. Ke3 Rb3+ 40. Kd2 R1xb2 41. Ra7 Nf4 42. Rxa6 Kf7 43. Ra7+
Rb7 44. Rxb7+ Rxb7 45. Bxf4 exf4 46. a6 Ra7 47. Rc6 Ke7 48. e5 Kd7 49. Rf6
Ra8 50. a7 Kc7 51. Kd3 Re8 52. Ke4 1-0

[Event "Spanish League of Honour"]
[Site "Linares"]
[Date "2017.08.20"]
[Round "7"]
[White "Bachmann, Axel"]
[Black "Ragger, Markus"]
[Result "1/2-1/2"]
[WhiteTitle "GM"]
[BlackTitle "GM"]
[WhiteElo "2648"]
[BlackElo "2656"]
[Board "3"]
[WhiteCountry "PAR"]
[WhiteFideId "3700488"]
[BlackCountry "AUT"]
[BlackFideId "1610856"]

1. c4 c5 2. Nf3 Nf6 3. Nc3 e6 4. e3 Nc6 5. d4 d5 6. a3 dxc4 7. Bxc4 a6 8.
O-O b5 9. Bd3 Bb7 10. dxc5 Bxc5 11. b4 Bd6 12. Ne4 Nxe4 13. Bxe4 f5 14.
Bxc6+ Bxc6 15. Bb2 O-O 16. Be5 Bxf3 17. Qxd6 Bd5 18. Qxd8 Rfxd8 19. Rfd1
Bb3 20. Rxd8+ Rxd8 21. Rc1 Rd1+ 22. Rxd1 Bxd1 23. f4 Kf7 24. Kf2 g6 25. g3
h5 26. Ke1 Bf3 27. Kf2 Bd1 28. Ke1 Bf3 29. Kf2 Bd1 30. Ke1 Bf3 1/2-1/2

[Event "Spanish League of Honour"]
[Site "Linares"]
[Date "2017.08.20"]
[Round "7"]
[White "Jones, Gawain C B"]
[Black "Mareco, Sandro"]
[Result "0-1"]
[WhiteTitle "GM"]
[BlackTitle "GM"]
[WhiteElo "2660"]
[BlackElo "2650"]
[Board "4"]
[WhiteCountry "ENG"]
[WhiteFideId "409561"]
[WhiteEloChange "-5"]
[BlackCountry "ARG"]
[BlackFideId "112275"]
[BlackEloChange "5"]

1. c4 e5 2. g3 Nc6 3. Bg2 Bc5 4. Nc3 a6 5. Nf3 d6 6. O-O Nge7 7. e3 Ba7 8.
h3 O-O 9. b3 h6 10. Bb2 Be6 11. d4 exd4 12. exd4 d5 13. c5 Qd7 14. Kh2 Ng6
15. Ne1 Nce7 16. Nd3 c6 17. Na4 Rae8 18. Ne5 Qd8 19. Qh5 Bf5 20. Rfe1 Bb8
21. Rad1 Bc7 22. Ng4 Bc2 23. Rc1 Be4 24. Bxe4 dxe4 25. Ne5 Nd5 26. Qf5 e3
27. fxe3 Nxe5 28. dxe5 Qb8 29. e4 Bxe5 30. exd5 Bxg3+ 31. Kg2 Bxe1 32. Qg4
f6 33. Nb6 Re3 34. Kh1 Qe8 35. Nc4 Rg3 36. Qe6+ Qxe6 37. dxe6 Bb4 38. Bd4
Re8 39. a3 Rxh3+ 40. Kg2 Rd3 41. axb4 Rxd4 42. Re1 Kf8 43. Nd6 Re7 44. b5
axb5 45. Kf3 Rd5 46. Nc8 Re5 0-1

[Event "Spanish League of Honour"]
[Site "Linares"]
[Date "2017.08.20"]
[Round "7"]
[White "Vega Gutierrez, Sabrina"]
[Black "Corral Blanco, Juan Antonio"]
[Result "1/2-1/2"]
[WhiteTitle "IM"]
[BlackTitle "FM"]
[WhiteElo "2369"]
[BlackElo "2418"]
[Board "6"]
[WhiteCountry "ESP"]
[WhiteFideId "2219026"]
[WhiteEloChange "1"]
[BlackCountry "ESP"]
[BlackFideId "2200368"]
[BlackEloChange "-1"]

1. e4 c5 2. Nf3 e6 3. d4 cxd4 4. Nxd4 Nc6 5. Nc3 Qc7 6. Be2 Nf6 7. O-O Be7
8. Be3 d6 9. f4 O-O 10. Kh1 Nxd4 11. Bxd4 b6 12. e5 Ne8 13. Nb5 Qd7 14.
exd6 Nxd6 15. Nxd6 Bxd6 16. Qd3 Bc5 17. Bxc5 bxc5 18. Qxd7 Bxd7 19. Rad1
Rfd8 20. Bf3 Rab8 21. b3 Kf8 22. Rfe1 g6 23. Kg1 Ke7 24. Re5 Rdc8 25. Be2
h5 26. Rdd5 f6 27. Re3 Rb6 28. f5 Be8 29. c3 gxf5 30. Rxf5 Bg6 31. Rf4 Rd6
32. Ra4 Rc7 33. Rh4 Rd2 34. Bxh5 Bxh5 35. Rxh5 Kd6 36. Rh6 Rf7 37. a4 e5
38. c4 Ke6 39. Rg6 Kf5 40. Rh6 e4 41. Rh4 Rd4 42. g3 Ke5 43. Rh8 f5 44.
Re8+ Kd6 45. Kf2 Re7 46. Rf8 Ke5 47. Rc8 Kd6 48. a5 Rc7 49. Rf8 Ke5 50.
Re8+ Kf6 51. g4 Kg5 52. gxf5 Kxf5 53. Rf8+ Ke5 54. Re8+ Kf4 55. Rf8+ Ke5
56. Rg3 Rd2+ 57. Ke3 Rd3+ 58. Ke2 Rcd7 59. Re8+ Kf4 60. Rf8+ Ke5 61. Rg5+
Kd4 62. Re8 Rxb3 63. Rg4 Rb2+ 64. Ke1 Rxh2 65. Rgxe4+ Kd3 66. R8e7 Rh7 67.
R7e6 Rdf7 68. Re3+ Kxc4 69. R6e4+ Kb5 70. Rb3+ Kxa5 71. Rc4 Rf5 72. Rb8 Rh6
73. Rb3 Rb6 74. Ra3+ Kb5 75. Rca4 Rf7 76. Rxa7 Rxa7 77. Rxa7 Rd6 78. Ra1 c4
79. Rd1 Ra6 80. Kd2 Ra2+ 81. Kc3 Ra3+ 82. Kc2 Kb4 83. Rb1+ Kc5 84. Rh1 Ra2+
1/2-1/2